Vista normal Vista MARC

Entrada Personal Name

Número de registros utilizados en: 1

001 - CONTROL NUMBER

  • control field: 27998

003 - CONTROL NUMBER IDENTIFIER

  • control field: OSt

005 - DATE AND TIME OF LATEST TRANSACTION

  • control field: 20210310224531.0

008 - FIXED-LENGTH DATA ELEMENTS

  • fixed length control field: 210310|| aca||aabn | a|a d

040 ## - CATALOGING SOURCE

  • Original cataloging agency: OSt
  • Transcribing agency: OSt

100 ## - HEADING--PERSONAL NAME

  • Personal name: Delia Arrieta Diaz, Geovani Figueroa

670 ## - SOURCE DATA FOUND

  • Source citation: Work cat.: (OSt): Delia Arrieta Diaz, Geovani Figueroa , Las pymes, estrategias y entorno, experiencias y perspectivas en el estado de durango , 2013